000 00457nam a22001577a 4500
005 20240816103022.0
008 240816b |||||||| |||| 00| 0 eng d
041 _aEnglish
082 _a349 LAW
100 _lEnglish
245 _aThe Law Reports: Probate Division
260 _aLondon:
_bWilliam Clowes and Sons Ltd,
_c1901
300 _bxvii, 389 pages;
_c25 cm.
650 _aLegal practice
_bLaw
942 _cBK
_6ALISON_BN_VRIES
999 _c2630
_d2630